000 00594nam a2200193Ia 4500
003 IN-BaIIA
008 211028s9999 xx 000 0 eng d
020 _a81-7319-132-8
040 _cIIA Library
080 _a539.18
_bATO
245 0 _aAtomic, molecular and cluster physics
_cedited by S. A. Ahmad
260 _aNew Delhi
_bNarosa Publishing House
_c1997
300 _aix, 411p.
650 _aAtomic physics
_91547
650 _aCluster physics
_921602
650 _aMolecular physics
_91914
700 _aAhmad, S. A., ed.
_921603
942 _cBK
999 _c12355
_d12355